[Event "Regionalliga Sued 1718 (Women)"]
[Site "Germany"]
[Date "2018.01.30"]
[Round "4.1"]
[White "Horther Schneider, Elsbeth"]
[Black "Renner, Gabriele"]
[Result "1/2-1/2"]
[WhiteElo "1839"]
[BlackElo "1943"]
[PlyCount "81"]
[EventDate "2017.10.15"]
[EventType "team-tourn"]
[EventRounds "5"]
[EventCountry "GER"]
[SourceTitle "CBM 183 Extra"]
[Source "ChessBase"]
[SourceDate "2018.04.19"]
[SourceVersion "1"]
[SourceVersionDate "2018.04.19"]
[SourceQuality "1"]
[WhiteTeam "Regensburg Bavaria (W)"]
[BlackTeam "Muenchen Bayern (W) II"]
[WhiteTeamCountry "GER"]
[BlackTeamCountry "GER"]

1. e4 c6 2. d4 d5 3. e5 e6 4. Nf3 Nd7 5. Bd3 Be7 6. c4 dxc4 7. Bxc4 Nb6 8. Bb3 Nd5 9. Nc3 Bb4 10. Bd2 Nge7 11. 0-0 Ba5 12. Ne4 Bc7 13. Qe2 0-0 14. Bg5 Qe8 15. Rac1 Ng6 16. Qd2 f6 17. exf6 h6 18. fxg7 Rxf3 19. gxf3 Ngf4 20. Bxd5 Nxd5 21. Bxh6 Qh5 22. Ng3 Qxf3 23. Qd1 Qf6 24. Qh5 Bd7 25. Rcd1 Be8 26. Qg5 Qf7 27. Qg4 Nf6 28. Qf3 Qg6 29. Bf4 Bxf4 30. Qxf4 Qxg7 31. Qe5 Bf7 32. Rd3 Rd8 33. Rf3 Nd5 34. Qxg7+ Kxg7 35. Ne4 Bh5 36. Rg3+ Kf7 37. Ng5+ Kf6 38. Re1 Nf4 39. Re4 Ne2+ 40. Rxe2 Bxe2 41. Nxe6 1/2-1/2

[Event "Regionalliga Sued 1617 (Women)"]
[Site "Germany"]
[Date "2017.01.22"]
[Round "3.2"]
[White "Renner, Gabriele"]
[Black "Berger, Nadja"]
[Result "1-0"]
[WhiteElo "1936"]
[BlackElo "1813"]
[PlyCount "43"]
[EventDate "2016.10.23"]
[EventType "team-tourn"]
[EventRounds "5"]
[EventCountry "GER"]
[SourceTitle "EXT 2018"]
[Source "ChessBase"]
[SourceDate "2017.10.13"]
[SourceVersion "1"]
[SourceVersionDate "2017.10.13"]
[SourceQuality "1"]
[WhiteTeam "Bayern Muenchen (W) II"]
[BlackTeam "Forstenried (W)"]
[WhiteTeamCountry "GER"]
[BlackTeamCountry "GER"]

1. e4 c5 2. Nc3 Nc6 3. g3 g6 4. Bg2 Bg7 5. d3 d6 6. Be3 e6 7. Qd2 Nge7 8. Bh6 0-0 9. h4 f5 10. Bxg7 Kxg7 11. h5 Nd4 12. hxg6 hxg6 13. Qh6+ Kf7 14. 0-0-0 Ke8 15. Nh3 Kd7 16. Qe3 Rb8 17. Ng5 b5 18. Rh7 Qa5 19. exf5 gxf5 20. Nd5 Re8 21. Nf6+ Kd8 22. Nf7+ 1-0

[Event "BL2 Sued 1314 (Women)"]
[Site "Germany"]
[Date "2014.03.08"]
[Round "6.5"]
[White "Leinenbach, Janine"]
[Black "Renner, Gabriele"]
[Result "0-1"]
[WhiteElo "1759"]
[BlackElo "1936"]
[PlyCount "66"]
[EventDate "2013.11.30"]
[EventType "team-tourn"]
[EventRounds "7"]
[EventCountry "GER"]
[SourceTitle "EXT 2018"]
[Source "ChessBase"]
[SourceDate "2017.10.13"]
[SourceVersion "1"]
[SourceVersionDate "2017.10.13"]
[SourceQuality "1"]
[WhiteTeam "Wadgassen/Differten (W)"]
[BlackTeam "Muenchen Bayern (W)"]
[WhiteTeamCountry "GER"]
[BlackTeamCountry "GER"]

1. c4 Nf6 2. d4 e6 3. Nf3 d5 4. e3 Be7 5. Nc3 0-0 6. Be2 Nbd7 7. b3 a6 8. 0-0 b6 9. Bb2 Bb7 10. Qc2 Rc8 11. cxd5 exd5 12. Rfd1 Re8 13. Ne5 Bd6 14. Bxa6 Bxe5 15. Bxb7 Bxh2+ 16. Kf1 Ng4 17. Qf5 Qh4 18. Rd2 Bd6 19. Bxc8 Rxe3 20. fxe3 Nxe3+ 21. Ke2 Nxf5 22. Bxd7 Qe7+ 23. Kd3 Qxd7 24. Re2 Ng3 25. Rf2 h6 26. Re1 c5 27. Nxd5 Qb5+ 28. Kc2 cxd4 29. Nf4 Qc5+ 30. Kd1 Bxf4 31. Rxf4 d3 32. Rc4 Qf2 33. Bc1 Nf1 0-1

[Event "Nuremberg LGA Cup 9th"]
[Site "Nuremberg"]
[Date "2012.09.08"]
[Round "5"]
[White "Martin, Stefan"]
[Black "Renner, Gabriele"]
[Result "1-0"]
[WhiteElo "2166"]
[BlackElo "1946"]
[PlyCount "99"]
[EventDate "2012.09.06"]
[EventType "swiss"]
[EventRounds "7"]
[EventCountry "GER"]
[SourceTitle "CBM 150 Extra"]
[Source "ChessBase"]
[SourceDate "2012.10.19"]
[SourceVersion "1"]
[SourceVersionDate "2012.10.19"]
[SourceQuality "1"]

1. d4 d5 2. c4 e6 3. Nc3 Nf6 4. Bg5 Nbd7 5. e3 Be7 6. Nf3 0-0 7. Rc1 a6 8. c5 c6 9. Bd3 Nh5 10. Bxe7 Qxe7 11. Ne5 g6 12. Nxd7 Bxd7 13. Be2 Ng7 14. Qb3 Rab8 15. f4 Nf5 16. Nd1 f6 17. g4 Ng7 18. 0-0 e5 19. fxe5 fxe5 20. Rxf8+ Rxf8 21. dxe5 Qh4 22. Qb4 a5 23. Qd2 Bxg4 24. Bxg4 Qxg4+ 25. Qg2 Qb4 26. Rc3 Nf5 27. a3 Qh4 28. Nf2 d4 29. exd4 Nxd4 30. Re3 Nf5 31. Re4 Qe7 32. b4 axb4 33. axb4 Ra8 34. Qg4 Ra1+ 35. Kg2 Ra3 36. Qf4 Qe6 37. Qg5 Ra8 38. Qd2 Qe7 39. e6 Rd8 40. Qf4 Rd5 41. h3 Kg7 42. Ng4 Nh4+ 43. Kh2 Nf5 44. Qc1 Qc7+ 45. Kh1 Ng3+ 46. Kg2 Nf5 47. Qc3+ Rd4 48. Rxd4 Kf8 49. Rd7 Nh4+ 50. Kh1 1-0

[Event "Nuremberg LGA Cup 9th"]
[Site "Nuremberg"]
[Date "2012.09.07"]
[Round "2"]
[White "Renner, Gabriele"]
[Black "Mihok, Laszlo"]
[Result "0-1"]
[WhiteElo "1946"]
[BlackElo "2141"]
[PlyCount "96"]
[EventDate "2012.09.06"]
[EventType "swiss"]
[EventRounds "7"]
[EventCountry "GER"]
[SourceTitle "CBM 150 Extra"]
[Source "ChessBase"]
[SourceDate "2012.10.19"]
[SourceVersion "1"]
[SourceVersionDate "2012.10.19"]
[SourceQuality "1"]

1. e4 e5 2. Nf3 Nc6 3. Nc3 Nf6 4. Bc4 Bc5 5. d3 h6 6. h3 a6 7. a4 d6 8. Bd2 0-0 9. 0-0 Be6 10. Re1 Qd7 11. Nd5 Bxd5 12. Bxd5 Nxd5 13. exd5 Ne7 14. c4 f5 15. b4 Ba7 16. Qe2 b5 17. axb5 axb5 18. Bc3 Ng6 19. Qd2 Qf7 20. Ra5 Bb6 21. Rxb5 Ra6 22. Ra1 Rfa8 23. Rxa6 Rxa6 24. d4 e4 25. Ne1 c6 26. dxc6 Qxc4 27. Rxb6 Rxb6 28. d5 Ne7 29. Qb2 Nxd5 30. Bxg7 Qxb4 31. Qa1 Rxc6 32. Bxh6 Qb7 33. Kh2 Nc3 34. Qa5 Qd7 35. Qb4 Kh7 36. Be3 Nd5 37. Qd2 Nxe3 38. Qxe3 d5 39. g3 d4 40. Qg5 d3 41. Ng2 Rg6 42. Qh5+ Rh6 43. Qd1 d2 44. Nf4 Qd4 45. Kg2 Kg7 46. Ne2 Qd3 47. Qa1+ Rf6 48. Qa7+ Kh6 0-1

[Event "Nuremberg LGA Cup 9th"]
[Site "Nuremberg"]
[Date "2012.09.07"]
[Round "4"]
[White "Renner, Gabriele"]
[Black "Schweisgut, Jens"]
[Result "1-0"]
[WhiteElo "1946"]
[BlackElo "1762"]
[PlyCount "45"]
[EventDate "2012.09.06"]
[EventType "swiss"]
[EventRounds "7"]
[EventCountry "GER"]
[SourceTitle "CBM 150 Extra"]
[Source "ChessBase"]
[SourceDate "2012.10.19"]
[SourceVersion "1"]
[SourceVersionDate "2012.10.19"]
[SourceQuality "1"]

1. e4 d5 2. exd5 Nf6 3. Nf3 Nxd5 4. d4 Bg4 5. Be2 e6 6. 0-0 Be7 7. Re1 0-0 8. c4 Nb6 9. Qb3 c5 10. dxc5 Bxc5 11. Bg5 Qc7 12. Nc3 a6 13. Ne4 N8d7 14. Rad1 Bf5 15. Nxc5 Nxc5 16. Qe3 f6 17. Bh4 Rac8 18. Nd4 Rfe8 19. Bg3 Qf7 20. b4 Ncd7 21. Qb3 Ne5 22. c5 Nbd7 23. f4 1-0

[Event "Nuremberg LGA Cup 9th"]
[Site "Nuremberg"]
[Date "2012.09.06"]
[Round "1"]
[White "Hirschberg, Valerian"]
[Black "Renner, Gabriele"]
[Result "1-0"]
[WhiteElo "2292"]
[BlackElo "1946"]
[PlyCount "75"]
[EventDate "2012.09.06"]
[EventType "swiss"]
[EventRounds "7"]
[EventCountry "GER"]
[SourceTitle "CBM 150 Extra"]
[Source "ChessBase"]
[SourceDate "2012.10.19"]
[SourceVersion "1"]
[SourceVersionDate "2012.10.19"]
[SourceQuality "1"]

1. Nf3 Nf6 2. g3 d5 3. Bg2 c6 4. c4 e6 5. 0-0 Bd6 6. d4 0-0 7. Nc3 Nbd7 8. Bf4 Qc7 9. Bxd6 Qxd6 10. Qb3 dxc4 11. Qxc4 e5 12. Rad1 exd4 13. Nxd4 Qe5 14. e4 Nb6 15. Qe2 Re8 16. h3 Bd7 17. f4 Qc5 18. e5 Rad8 19. Qf2 Nfd5 20. Ne4 Qe7 21. Nd6 Rf8 22. Nxb7 Rb8 23. Na5 Rfc8 24. Ndb3 Na4 25. Nxc6 Bxc6 26. Bxd5 Bxd5 27. Rxd5 Qe6 28. Rd4 Nb6 29. Kh2 h5 30. Rd6 Qf5 31. Nd4 Qh7 32. b3 h4 33. g4 Qe4 34. Re1 Qb7 35. Rd1 Rc3 36. Nf5 g5 37. fxg5 Qc7 38. Nh6+ 1-0

[Event "Arber op 1st"]
[Site "Bayerisch Eisenstein"]
[Date "2012.08.25"]
[Round "8"]
[White "Schmitzer, Peter"]
[Black "Renner, Gabriele"]
[Result "0-1"]
[WhiteElo "1936"]
[BlackElo "1835"]
[PlyCount "84"]
[EventDate "2012.08.18"]
[EventType "swiss"]
[EventRounds "9"]
[EventCountry "GER"]
[SourceTitle "CBM 150 Extra"]
[Source "ChessBase"]
[SourceDate "2012.10.19"]
[SourceVersion "1"]
[SourceVersionDate "2012.10.19"]
[SourceQuality "1"]

1. d4 d5 2. Nf3 Nf6 3. c4 e6 4. Nc3 Nbd7 5. Bf4 c6 6. e3 Be7 7. Bd3 0-0 8. Nd2 Re8 9. Bg3 Nf8 10. f4 c5 11. cxd5 cxd4 12. exd4 exd5 13. 0-0 Qb6 14. Nb3 Bg4 15. Be2 Bxe2 16. Qxe2 Bb4 17. Qd3 Bxc3 18. bxc3 Ne4 19. Be1 Rac8 20. f5 Nd7 21. Rb1 Qc7 22. Rf3 Ndf6 23. Rc1 Ng4 24. Bg3 Nxg3 25. Rxg3 Nf6 26. Nd2 Re7 27. Nf1 Qf4 28. Rc2 Rce8 29. Rf3 Qd6 30. Re3 Ne4 31. Rce2 h6 32. g3 Nf6 33. Rxe7 Rxe7 34. Rxe7 Qxe7 35. Qe3 Qa3 36. c4 Qxa2 37. c5 Qb1 38. Qe5 Kh7 39. h3 a5 40. Kg2 a4 41. Ne3 a3 42. Nxd5 Qa2+ 0-1

[Event "Arber op 1st"]
[Site "Bayerisch Eisenstein"]
[Date "2012.08.19"]
[Round "2"]
[White "Desoye, Gernot"]
[Black "Renner, Gabriele"]
[Result "1-0"]
[WhiteElo "1851"]
[BlackElo "1835"]
[PlyCount "97"]
[EventDate "2012.08.18"]
[EventType "swiss"]
[EventRounds "9"]
[EventCountry "GER"]
[SourceTitle "CBM 150 Extra"]
[Source "ChessBase"]
[SourceDate "2012.10.19"]
[SourceVersion "1"]
[SourceVersionDate "2012.10.19"]
[SourceQuality "1"]

1. d4 d5 2. c4 e6 3. Nc3 Nf6 4. Bg5 Nbd7 5. Nf3 Be7 6. e3 0-0 7. Rc1 a6 8. Bd3 dxc4 9. Bxc4 b5 10. Bd3 Bb7 11. 0-0 c5 12. dxc5 Nxc5 13. Bc2 Qxd1 14. Rfxd1 b4 15. Ne2 Nce4 16. Bf4 Rfd8 17. Ng5 h6 18. Nxe4 Bxe4 19. Bxe4 Nxe4 20. f3 Nf6 21. Kf2 Rxd1 22. Rxd1 Rc8 23. e4 Rc2 24. Rd2 Bc5+ 25. Ke1 Rxd2 26. Kxd2 Nd7 27. Nc1 g5 28. Bc7 Bd4 29. Nd3 Kg7 30. Kc2 f5 31. exf5 exf5 32. Kb3 Bg1 33. h3 Kf6 34. Kxb4 Ke6 35. Ka5 Bd4 36. Kxa6 Kd5 37. Kb5 Nf8 38. a4 Ke6 39. Nc5+ Kd5 40. b4 Bxc5 41. bxc5 Ne6 42. Bd6 Nd4+ 43. Kb6 h5 44. a5 g4 45. a6 Nc6 46. a7 Nxa7 47. Kxa7 f4 48. Kb7 gxh3 49. gxh3 1-0

[Event "Nuremberg LGA Cup 8th"]
[Site "Nuremberg"]
[Date "2011.09.09"]
[Round "2"]
[White "Renner, Gabriele"]
[Black "Martin Fernandez, Rodrigo"]
[Result "0-1"]
[WhiteElo "1947"]
[BlackElo "2156"]
[PlyCount "110"]
[EventDate "2011.09.08"]
[EventType "swiss"]
[EventRounds "7"]
[EventCountry "GER"]
[SourceTitle "CBM 144 Extra"]
[Source "ChessBase"]
[SourceDate "2011.10.28"]
[SourceVersion "1"]
[SourceVersionDate "2011.10.28"]
[SourceQuality "1"]

1. e4 c5 2. Nc3 e6 3. g3 b6 4. Bg2 Bb7 5. d3 Nf6 6. Nf3 d5 7. exd5 Nxd5 8. Ne4 Nc6 9. 0-0 Be7 10. Re1 0-0 11. Bd2 Rc8 12. Rc1 Qd7 13. Bh3 h6 14. a3 Rfd8 15. Qe2 a6 16. Kf1 Rf8 17. Kg1 Rce8 18. Rcd1 f5 19. Nc3 Bf6 20. Na4 Nd4 21. Nxd4 cxd4 22. b3 Qc7 23. Rc1 Nc3 24. Nxc3 dxc3 25. Be3 Qc6 26. f3 b5 27. Bg2 Qd6 28. Qf2 Rc8 29. b4 Rfe8 30. Kh1 e5 31. Bc5 Qd7 32. h4 Qf7 33. Re2 Qh5 34. Kg1 f4 35. g4 Qxh4 36. Qf1 Qg5 37. Rce1 Qg6 38. Qf2 h5 39. Bd6 hxg4 40. Kf1 gxf3 41. Bxf3 Bh4 42. Qxh4 Bxf3 43. Rh2 Qxd6 44. Qh7+ Kf7 45. Qf5+ Qf6 46. Qd7+ Kg8 47. Qh3 Bd5 48. Ree2 f3 49. Ref2 e4 50. Qh7+ Kf8 51. Qh5 Bf7 52. Qg4 Rcd8 53. Rh8+ Bg8 54. Qh5 Re5 55. Qg4 Qg5 0-1

[Event "Nuremberg LGA Cup 8th"]
[Site "Nuremberg"]
[Date "2011.09.08"]
[Round "1"]
[White "Afek, Yochanan"]
[Black "Renner, Gabriele"]
[Result "1-0"]
[WhiteElo "2295"]
[BlackElo "1838"]
[PlyCount "45"]
[EventDate "2011.09.08"]
[EventType "swiss"]
[EventRounds "7"]
[EventCountry "GER"]
[SourceTitle "CBM 144 Extra"]
[Source "ChessBase"]
[SourceDate "2011.10.28"]
[SourceVersion "1"]
[SourceVersionDate "2011.10.28"]
[SourceQuality "1"]

1. c4 c6 2. e4 d5 3. exd5 cxd5 4. d4 Nf6 5. Nc3 e6 6. Nf3 Be7 7. Bd3 Nc6 8. c5 0-0 9. Rb1 Nb4 10. Be2 Ne4 11. 0-0 Nxc3 12. bxc3 Nc6 13. Bf4 f6 14. Bg3 Kh8 15. Bd3 e5 16. dxe5 Bg4 17. exf6 Rxf6 18. Be2 Rf8 19. Rxb7 Rc8 20. Nd4 Bxe2 21. Qxe2 Re8 22. Nxc6 Rxc6 23. Re1 1-0

[Event "BL2 Sued 1011 (Women)"]
[Site "Germany"]
[Date "2011.02.19"]
[Round "6.4"]
[White "Renner, Gabriele"]
[Black "Zemke, Christine"]
[Result "1-0"]
[WhiteElo "2008"]
[BlackElo "1752"]
[PlyCount "111"]
[EventDate "2010.11.06"]
[EventType "team-tourn"]
[EventRounds "7"]
[EventCountry "GER"]
[SourceTitle "EXT 2012"]
[Source "ChessBase"]
[SourceDate "2011.11.24"]
[SourceVersion "1"]
[SourceVersionDate "2011.11.24"]
[SourceQuality "1"]
[WhiteTeam "Bayern Muenchen (W)"]
[BlackTeam "Schott Mainz (W) II"]
[WhiteTeamCountry "GER"]
[BlackTeamCountry "GER"]

1. e4 d5 2. exd5 Qxd5 3. Nc3 Qd8 4. d4 Nf6 5. Nf3 Bg4 6. Be2 e6 7. 0-0 c6 8. Bg5 h6 9. Bh4 g5 10. Bg3 Nbd7 11. Ne5 Bxe2 12. Qxe2 Bg7 13. Rfe1 0-0 14. h4 Nb6 15. Rad1 Nbd5 16. hxg5 hxg5 17. Nxd5 cxd5 18. c3 Qe7 19. Rd3 Ne4 20. Bh2 Bxe5 21. Bxe5 f6 22. Bh2 Rae8 23. Re3 e5 24. f3 Nd6 25. dxe5 fxe5 26. Rxe5 Qd8 27. Kh1 Rxe5 28. Qxe5 Nf7 29. Qe6 Kg7 30. Qe7 Rh8 31. Qxd8 Nxd8 32. Kg1 Kg6 33. Re5 Nc6 34. Rxd5 Re8 35. Kf2 Re7 36. a3 a6 37. Rd6+ Kg7 38. Rd5 Kg6 39. c4 Kf6 40. b4 Kg6 41. c5 Kf6 42. Bd6 Re8 43. g4 Nd8 44. Rf5+ Kg6 45. Rf8 Rxf8 46. Bxf8 Kf7 47. Bd6 Ke6 48. Ke3 Nf7 49. Ke4 Nh6 50. Bg3 Ng8 51. Be5 Nh6 52. a4 Nf7 53. Bc3 Nd8 54. Bd2 Nf7 55. b5 axb5 56. axb5 1-0

[Event "Nuremberg LGA Cup 7th"]
[Site "Nuremberg"]
[Date "2010.09.05"]
[Round "7"]
[White "Renner, Gabriele"]
[Black "Hirschmann, Jakob"]
[Result "1-0"]
[WhiteElo "2008"]
[BlackElo "1805"]
[PlyCount "67"]
[EventDate "2010.09.02"]
[EventType "swiss"]
[EventRounds "7"]
[EventCountry "GER"]
[SourceTitle "CBM 138 Extra"]
[Source "ChessBase"]
[SourceDate "2010.10.29"]
[SourceVersion "1"]
[SourceVersionDate "2010.10.29"]
[SourceQuality "1"]

1. e4 e6 2. d4 d5 3. exd5 exd5 4. Bd3 Nc6 5. c3 Bd6 6. Nf3 Bg4 7. 0-0 Nge7 8. Re1 Qd7 9. Nbd2 0-0-0 10. b4 Ng6 11. Qc2 Nf4 12. Bf1 h5 13. Ne5 Bxe5 14. dxe5 d4 15. Qe4 g5 16. b5 Ne7 17. Nb3 dxc3 18. Bxf4 gxf4 19. Qxf4 Ng6 20. Qe3 Kb8 21. Qxc3 Rhg8 22. Rac1 Nh4 23. Nc5 Qd4 24. Na6+ bxa6 25. Qxc7+ Ka8 26. Qc6+ Kb8 27. bxa6 Qb6 28. Rb1 Nf3+ 29. Kh1 Rd7 30. Rxb6+ axb6 31. Rb1 Nd4 32. Rxb6+ Ka7 33. Rb7+ Ka8 34. Qb6 1-0

[Event "Nuremberg LGA Cup 6th"]
[Site "Nuremberg"]
[Date "2009.09.03"]
[Round "1"]
[White "Lechtynsky, Jiri"]
[Black "Renner, Gabriele"]
[Result "1-0"]
[WhiteElo "2399"]
[BlackElo "2023"]
[PlyCount "71"]
[EventDate "2009.09.03"]
[EventType "swiss"]
[EventRounds "7"]
[EventCountry "GER"]
[SourceTitle "CBM 132 Extra"]
[Source "ChessBase"]
[SourceDate "2009.11.03"]
[SourceVersion "1"]
[SourceVersionDate "2009.11.03"]
[SourceQuality "1"]

1. d4 d5 2. c4 e6 3. Nf3 Nf6 4. Nc3 Nbd7 5. Bf4 c6 6. e3 Be7 7. h3 0-0 8. Bd3 b6 9. cxd5 cxd5 10. Ne5 Bb7 11. Qf3 Rc8 12. a3 a6 13. g4 b5 14. g5 Nxe5 15. Bxe5 Ne4 16. Nxe4 dxe4 17. Bxe4 Bxe4 18. Qxe4 Qa5+ 19. Ke2 b4 20. h4 Qb5+ 21. Kf3 bxa3 22. bxa3 Rc3 23. a4 Qc4 24. Kg2 Rc2 25. Bg3 Bb4 26. h5 Rc8 27. a5 Qb5 28. Rhb1 R2c4 29. Bf4 Qd7 30. Ra2 Bd6 31. Rb7 Qd8 32. Bxd6 Qxd6 33. Rab2 Qd8 34. Qf4 Kh8 35. Rxf7 Qe8 36. h6 1-0

[Event "Vienna op 16th"]
[Site "Vienna"]
[Date "2009.08.19"]
[Round "5"]
[White "Prinzjakowitsch, Bernhard"]
[Black "Renner, Gabriele"]
[Result "1-0"]
[WhiteElo "2152"]
[BlackElo "2023"]
[PlyCount "55"]
[EventDate "2009.08.15"]
[EventType "swiss"]
[EventRounds "9"]
[EventCountry "AUT"]
[SourceTitle "CBM 131 Extra"]
[Source "ChessBase"]
[SourceDate "2009.09.03"]
[SourceVersion "2"]
[SourceVersionDate "2009.09.16"]
[SourceQuality "1"]

1. e4 c6 2. d4 d5 3. e5 Bf5 4. Nf3 e6 5. Be2 Ne7 6. 0-0 Nd7 7. Be3 Rc8 8. c4 dxc4 9. Bxc4 Nd5 10. Nc3 Be7 11. Nxd5 cxd5 12. Bb5 a6 13. Bd3 Bxd3 14. Qxd3 Nb8 15. Ne1 0-0 16. f4 g6 17. g4 Nc6 18. f5 exf5 19. gxf5 gxf5 20. Qxf5 Kh8 21. Kh1 Rg8 22. Rf3 Rg7 23. Nd3 Rc7 24. Raf1 Na5 25. Nf4 Rg5 26. Qxf7 Rc2 27. Ne6 Rgg2 28. Rg3 1-0

[Event "BL2 Sued 0809 (Women)"]
[Site "Germany"]
[Date "2009.01.04"]
[Round "5.3"]
[White "Renner, Gabriele"]
[Black "Ronkina, Vera"]
[Result "1-0"]
[WhiteElo "2024"]
[BlackElo "1663"]
[PlyCount "69"]
[EventDate "2008.11.08"]
[EventType "team-tourn"]
[EventRounds "7"]
[EventCountry "GER"]
[SourceTitle "EXT 2010"]
[Source "ChessBase"]
[SourceDate "2010.11.25"]
[SourceVersion "1"]
[SourceVersionDate "2010.11.25"]
[SourceQuality "1"]
[WhiteTeam "Bayern Muenchen (W)"]
[BlackTeam "Neuperlach (W)"]
[WhiteTeamCountry "GER"]
[BlackTeamCountry "GER"]

1. e4 e6 2. d4 d5 3. Nd2 Nf6 4. e5 Nfd7 5. Bd3 c5 6. c3 Nc6 7. Ne2 Qb6 8. Nf3 Be7 9. 0-0 c4 10. Bc2 Qd8 11. Nf4 h5 12. Nh3 Nf8 13. Re1 Bd7 14. Nfg5 f6 15. exf6 gxf6 16. Nh7 Bc8 17. Nxf8 Kxf8 18. Nf4 Kf7 19. Bg6+ Kg7 20. Bxh5 e5 21. dxe5 Nxe5 22. Re3 Bc5 23. Rg3+ Kf8 24. Ng6+ Nxg6 25. Rxg6 Bf5 26. Bh6+ Ke7 27. Rg7+ Kd6 28. Bf4+ Kc6 29. Rc7+ Kb6 30. a4 Rc8 31. Rxc8 Bxc8 32. b4 Be7 33. Qd4+ Ka6 34. b5+ Ka5 35. Qxa7# 1-0

[Event "Nuremberg LGA Cup 5th"]
[Site "Nuremberg"]
[Date "2008.09.07"]
[Round "7.60"]
[White "Renner, Gabriele"]
[Black "Balhar, Michael"]
[Result "1/2-1/2"]
[WhiteElo "2039"]
[BlackElo "1823"]
[PlyCount "62"]
[EventDate "2008.09.04"]
[EventType "swiss"]
[EventRounds "7"]
[EventCountry "GER"]
[SourceTitle "EXT 2022"]
[Source "ChessBase"]
[SourceDate "2021.10.06"]
[SourceVersion "1"]
[SourceVersionDate "2021.10.06"]
[SourceQuality "1"]

1. e4 c5 2. Nc3 d6 3. g3 Nc6 4. Bg2 e6 5. Nf3 g6 6. d3 Bg7 7. Be3 Nge7 8. Qd2 h6 9. h4 Bd7 10. Rd1 Qb6 11. d4 cxd4 12. Nxd4 Nxd4 13. Bxd4 Bxd4 14. Qxd4 Qxd4 15. Rxd4 Nc8 16. 0-0 Ke7 17. Rfd1 Rd8 18. a4 a5 19. Nb5 Bxb5 20. axb5 Nb6 21. b3 a4 22. bxa4 Nxa4 23. c4 Nc5 24. R4d2 Ra4 25. Rc2 Rda8 26. Rcd2 Rxc4 27. Rxd6 Rc8 28. e5 Rc7 29. b6 Rd7 30. Rxd7+ Nxd7 31. Bxb7 Nxb6 1/2-1/2

[Event "Nuremberg LGA Cup 5th"]
[Site "Nuremberg"]
[Date "2008.09.05"]
[Round "3"]
[White "Renner, Gabriele"]
[Black "Klundt, Klaus"]
[Result "0-1"]
[WhiteElo "2039"]
[BlackElo "2361"]
[PlyCount "68"]
[EventDate "2008.09.04"]
[EventType "swiss"]
[EventRounds "7"]
[EventCountry "GER"]
[SourceTitle "CBM 126 Extra"]
[Source "ChessBase"]
[SourceDate "2008.11.05"]
[SourceVersion "1"]
[SourceVersionDate "2008.11.05"]
[SourceQuality "1"]

1. e4 Nf6 2. e5 Nd5 3. d4 d6 4. exd6 Qxd6 5. Nf3 Bg4 6. Be2 e6 7. 0-0 Be7 8. Na3 Nf4 9. Bxf4 Qxf4 10. Nc4 Nc6 11. c3 0-0 12. Qd2 Qxd2 13. Ncxd2 Rfd8 14. Rfe1 Bf5 15. Bf1 h6 16. Nc4 Bf6 17. Rad1 Ne7 18. Nce5 Ng6 19. Bd3 Nxe5 20. Nxe5 Bxd3 21. Nxd3 Rac8 22. f4 b6 23. Kf2 g5 24. Kf3 Kg7 25. Re4 Rd5 26. g4 c5 27. h4 cxd4 28. cxd4 gxh4 29. g5 hxg5 30. Rg1 Rcd8 31. fxg5 Rxg5 32. Reg4 Rxd4 33. Rxg5+ Bxg5 34. Ne5 f6 0-1

[Event "Nuremberg LGA Cup 5th"]
[Site "Nuremberg"]
[Date "2008.09.04"]
[Round "1"]
[White "Renner, Gabriele"]
[Black "Milov, Leonid"]
[Result "0-1"]
[WhiteElo "2039"]
[BlackElo "2531"]
[PlyCount "66"]
[EventDate "2008.09.04"]
[EventType "swiss"]
[EventRounds "7"]
[EventCountry "GER"]
[SourceTitle "CBM 126 Extra"]
[Source "ChessBase"]
[SourceDate "2008.11.05"]
[SourceVersion "1"]
[SourceVersionDate "2008.11.05"]
[SourceQuality "1"]

1. e4 c5 2. Nc3 Nc6 3. g3 g6 4. Bg2 Bg7 5. d3 d6 6. f4 Rb8 7. Nf3 b5 8. 0-0 b4 9. Nd5 e6 10. Ne3 Nge7 11. Qe1 0-0 12. g4 f5 13. Qh4 Nd4 14. Kh1 Ne2 15. gxf5 exf5 16. e5 dxe5 17. fxe5 f4 18. Nc4 h6 19. Qf2 Nd4 20. Re1 g5 21. Nd6 Be6 22. Nxd4 cxd4 23. Qxd4 f3 24. Bf1 f2 25. Re4 Nf5 26. Nxf5 Bxf5 27. Qc4+ Kh8 28. Rd4 Qe7 29. Be3 Qxe5 30. Bxf2 Be6 31. Bg3 Rxf1+ 32. Rxf1 Qe2 33. Rf2 Qe1+ 0-1

[Event "BL2 Sued 0708 (Women)"]
[Site "Germany"]
[Date "2008.03.16"]
[Round "7.4"]
[White "Renner, Gabriele"]
[Black "Jussupow, Ekaterina"]
[Result "0-1"]
[WhiteElo "2058"]
[BlackElo "2030"]
[PlyCount "52"]
[EventDate "2007.11.10"]
[EventType "team-tourn"]
[EventRounds "7"]
[EventCountry "GER"]
[SourceTitle "EXT 2009"]
[Source "ChessBase"]
[SourceDate "2008.11.26"]
[SourceVersion "1"]
[SourceVersionDate "2008.11.26"]
[SourceQuality "1"]
[WhiteTeam "Bayern Muenchen (W)"]
[BlackTeam "Krumbach (W)"]
[WhiteTeamCountry "GER"]
[BlackTeamCountry "GER"]

1. e4 e5 2. Nf3 Nc6 3. Bb5 g6 4. 0-0 Bg7 5. d3 Nge7 6. c3 a6 7. Ba4 d6 8. Be3 0-0 9. Nbd2 h6 10. Bb3 Kh7 11. Rc1 f5 12. exf5 gxf5 13. Nb1 Ng6 14. Ng5+ hxg5 15. Qh5+ Bh6 16. Nd2 f4 17. Ne4 Bf5 18. Ng3 Qd7 19. Nxf5 Qxf5 20. g4 Qd7 21. Bd5 fxe3 22. fxe3 Rxf1+ 23. Rxf1 Rf8 24. Rxf8 Nxf8 25. h4 Qg7 26. Be4+ Kh8 0-1

[Event "Nuremberg LGA Cup 3rd"]
[Site "Nuremberg"]
[Date "2006.09.10"]
[Round "7"]
[White "Sriram, Jha"]
[Black "Renner, Gabriele"]
[Result "1-0"]
[WhiteElo "2408"]
[BlackElo "2079"]
[PlyCount "83"]
[EventDate "2006.09.07"]
[EventType "swiss"]
[EventRounds "7"]
[EventCountry "GER"]
[SourceTitle "CBM 114 Extra"]
[Source "ChessBase"]
[SourceDate "2006.11.03"]
[SourceVersion "1"]
[SourceVersionDate "2006.11.03"]
[SourceQuality "1"]

1. d4 d5 2. Nf3 e6 3. c4 Be7 4. g3 Nf6 5. Bg2 0-0 6. 0-0 Nbd7 7. Qc2 c6 8. b3 b6 9. Rd1 Bb7 10. Nc3 Rc8 11. e4 dxe4 12. Nxe4 Nxe4 13. Qxe4 Ba8 14. Qc2 Bf6 15. Bb2 Qc7 16. Rd2 Rfd8 17. Rad1 g6 18. Ba1 Bg7 19. c5 Nf6 20. b4 Nd5 21. Qa4 Bb7 22. Ne5 Ra8 23. a3 a5 24. cxb6 Nxb6 25. Qc2 Nd5 26. b5 Rac8 27. Rc1 Bh6 28. f4 Ne3 29. Qb2 Nxg2 30. Rxg2 Qb6 31. bxc6 Qa7 32. cxb7 Rxc1+ 33. Qxc1 Qxb7 34. h3 Bf8 35. Ng4 Qb3 36. d5 Bxa3 37. Qc7 Qd1+ 38. Kh2 Qxa1 39. Qxd8+ Kg7 40. dxe6 h5 41. exf7 hxg4 42. Qg8+ 1-0